000 00617nam a2200253Ia 4500
003 OSt
005 20221006151751.0
006 a|||||r|||| 00| 0
007 ta
008 221006b |||||||| |||| 00| 0 eng d
020 _c237.00
024 _a23,281
037 _cTextual
040 _aEASL
_cEASL
_beng
041 _2eng
_aeng
082 _aY2:3.41, M3
100 _aCHAO Paul
245 0 _aChinese kinship
260 _aLondon
_bKegan Paul International
_c1983
300 _a247p.
_ccm.
490 _v CEL
942 _hY2:3.41, M3
_cTEXL
_2CC
999 _c1091367
_d1091367